Historia de la Filosofía
Сохранить в:
| Главный автор: | |
|---|---|
| Формат: | |
| Язык: | Undetermined |
| Опубликовано: |
Buenos Aires, Argentina
Editorial Sopena
1943
|
| Редактирование: | 3 |
| Предметы: | |
| Метки: |
Добавить метку
Нет меток, Требуется 1-ая метка записи!
|
MARC
| LEADER | 00000nam a2200000Ia 4500 | ||
|---|---|---|---|
| 008 | 170316s9999 xx 000 0 und d | ||
| 090 | |a H-100 B-1h | ||
| 100 | |a Balmes, Jaime L. | ||
| 245 | |a Historia de la Filosofía | ||
| 250 | |a 3 | ||
| 260 | |a Buenos Aires, Argentina | ||
| 260 | |b Editorial Sopena | ||
| 260 | |c 1943 | ||
| 300 | |a 124 páginas | ||
| 650 | |a FILOSOFÍA | ||
| 650 | |a HISTORIA | ||
| 999 | |c 28865 |d 28865 | ||
| 040 | |a cru BVZT | ||
| 942 | |c 15 D |h H-100 B-1h |2 z | ||
